Connais-tu les chansons de Blackpink? - Statistiques

Statistiques générales
  • Ce quiz a été pris 2 880 fois
  • Le résultat moyen est 12 sur 21
Statistiques - réponses
Année Chansons % Correct
2019 Kill this love
90%
2018 Ddu-du-ddu-du
85%
2020 How you like that
84%
2016 Boombayah
79%
2016 Whistle
75%
2020 Ice cream
73%
2020 Lovesick girl
66%
2016 Stay
66%
2016 Playing with fire
64%
2017 As if it's your last
63%
2020 Pretty savage
62%
2020 Crazy over you
61%
2018 Forever young
56%
2019 Don't know what to do
53%
2020 Love to hate me
51%
2020 Bet you Wanna
45%
2020 Sour candy
45%
2020 You never know
45%
2019 See u later
39%
2017 Kiss dans make up
6%
2019 Kict it
4%
Aucun quiz correspondant
Distribution des résultats
% des personnes avec chaque résultat
Percentile par nombre de réponses
Votre historique - résultats
Vous n’avez pas pris ce quiz